| 000 | 00672nam a22001577a 4500 | ||
|---|---|---|---|
| 003 | OSt | ||
| 005 | 20150920112225.0 | ||
| 008 | 150920b xxu||||| |||| 00| 0 eng d | ||
| 040 | _cRUA | ||
| 082 | _aAGR PHE 2008 B038 Or.1 | ||
| 100 |
_9927 _aPHENG, VIYOURA. |
||
| 245 | _aComaring varieties of lettuce in dry season at royal university of agriculture ការប្រៀបធៀបពូជដំណាំសាលាដ ក្នុងលក្ខខណ្ឌរដូវប្រាំង នៅសាកលវិទ្យាល័យភូមិន្ទកសិកម្ម | ||
| 260 |
_aPhnom Penh _bRUA _c2008 |
||
| 300 |
_ax; 48p. _bill. _c29cm. |
||
| 942 |
_2ddc _cAGR |
||
| 999 |
_c894 _d894 |
||